000 00668nam a2200241Ia 4500
003 OSt
005 20220918174834.0
006 a|||||r|||| 00| 0
007 ta
008 220917b |||||||| |||| 00| 0 eng d
024 _a14,366
037 _cTextual
040 _aARTS
_cARTS
_beng
041 _2eng
_aeng
082 _aNQ5,N, M8
100 _aMcClatchy J D.
_951937
245 0 _aPoets on painters
_b Essays on the art of painting by 20th century poets
260 _aLondon
_bCalifornia press
_c1990
300 _axi, 362p.
_ccm.
650 _aPAINTING; ARTS
942 _hNQ5,N, M8
_cTEXL
_2CC
999 _c154914
_d154914